Souvenirs et impressions d'un officier russe pendant les campagnes de 1812, 1813 et 1814, avec la Relation de la bataille de Borodino (Запись № 10391375)

Подробности
000 -МАРКЕР
контрольное поле 01132nam0a22002771 4500
001 - ИДЕНТИФИКАТОР ЗАПИСИ
контрольное поле RU\NLR\KADK\52942
005 - ИДЕНТИФИКАТОР ВЕРСИИ
контрольное поле 20251203171251.9
035 ## - ДРУГИЕ СИСТЕМНЫЕ НОМЕРА
Идентификатор записи (NLR Aleph) 009862669
100 ## - ДАННЫЕ ОБЩЕЙ ОБРАБОТКИ
Данные общей обработки 20000217d1849 u y0rusy50 ca
101 0# - ЯЗЫК РЕСУРСА
Язык текста, звукозаписи и т.д. французский
102 ## - СТРАНА ПУБЛИКАЦИИ ИЛИ ПРОИЗВОДСТВА
Страна публикации российская федерация
200 1# - ЗАГЛАВИЕ И СВЕДЕНИЯ ОБ ОТВЕТСТВЕННОСТИ
Основное заглавие Souvenirs et impressions d'un officier russe pendant les campagnes de 1812, 1813 et 1814, avec la Relation de la bataille de Borodino
210 ## - ПУБЛИКАЦИЯ, РАСПРОСТРАНЕНИЕ И ДР.
Место издания, распространения и т.д. Saint-Pétersbourg [St.- Peterburg]
Имя издателя, распространителя и т. д. Imprimerie française
Дата издания, распространения и т.д. 1849
215 ## - ФИЗИЧЕСКАЯ ХАРАКТЕРИСТИКА
Специфическое обозначение материала и объем [6], 126 с.
Размеры 8°(23 см)
300 ## - ОБЩИЕ ПРИМЕЧАНИЯ
Текст примечания Авт.: N.-B. Galitzin. Установл. по: Barbier.- T. 4
317 ## - ПРИМЕЧАНИЯ О ПРОИСХОЖДЕНИИ ЭКЗЕМПЛЯРА
Текст примечания Оба экз. со штампом Лен. Воен. б-ки, без наклейки Б-ки 1-го Кадет. корп.
Организация и экземпляр, к которому относится поле Рэ ШК / G-626 Q 2 экз.
620 ## - МЕСТО И ДАТА ПУБЛИКАЦИИ, ИСПОЛНЕНИЯ И Т. Д.
Город St.- Peterburg
700 #1 - ИМЯ ЛИЦА - ПЕРВИЧНАЯ ОТВЕТСТВЕННОСТЬ
Связь между полями z01790
Начальный элемент ввода Golicyn
Часть имени, кроме начального элемента ввода N.B.
Даты 1794-1866
Расширение инициалов личного имени Nikolaj Borisoviç
Код отношения Автор
790 #1 - ИМЯ ЛИЦА - АЛЬТЕРНАТИВНАЯ ФОРМА
Связь между полями z01700
Начальный элемент ввода Galitzin
Часть имени, кроме начального элемента ввода N.-B.
Код отношения Автор
801 #0 - ИСТОЧНИК ЗАПИСИ
Страна российская федерация
Организация NLR
Дата составления 20000217
852 ## - МЕСТОНАХОЖДЕНИЕ И ШИФР ХРАНЕНИЯ
Идентификатор организации NLR
Наименование фонда или коллекции (Sub-Location Identifier) Б-ка 1-го Кадет. Корп.
Шифр хранения (Call Number) Рэ ШК / G-626 Q 2 экз.
942 ## - ДОПОЛНИТЕЛЬНЫЕ ЭЛЕМЕНТЫ ЗАПИСИ (АБИС)
Тип экземпляра АБИС Книга
980 ## - КОЛЛЕКЦИЯ
Название коллекции Национальная библиография
980 ## - КОЛЛЕКЦИЯ
Название коллекции Библиотека 1-го Кадетского корпуса

Нет доступных экземпляров.